Wine Regions of Chile (typing) - Statistics

General Stats
  • This quiz has been taken 157 times
  • The average score is 12 of 15
Answers on the Map
Answers color-coded by a green-red scale on the quiz's map according to % correct below.
 
Answer Stats
Answer % Correct
Casablanca Valley
96%
Aconcagua Valley
93%
Maipo Valley
93%
Cachapoal Valley
81%
Maule Valley
81%
San Antonio Valley
81%
Southern Region
81%
Aconcagua Region
78%
Colchagua Valley
78%
Elqui Valley
78%
Limarí Valley
74%
Leyda Valley
70%
Central Valley Region
67%
Coquimbo Region
63%
Curicó Valley
59%
No matching quizzes found
Score Distribution
Percent of People with Each Score
Percentile by Number Answered
Your Score History
You have not taken this quiz